Jurisprudencia sobre letras de cambio 1925 - 1946

Na minha lista:
Detalhes bibliográficos
Main Authors: Avila Fredes, Sergio (Author), Ríos Leguiffe, Hernán (Author)
Formato: Livro
Idioma:espanhol
Publicado em: Santiago Carabineros de Chile 1948
Assuntos:
Tags: Adicionar Tag
Sem tags, seja o primeiro a adicionar uma tag!

MARC

LEADER 00000nam a2200000 a 4500
001 UCS1870
003 CL-VaPUC
008 970515e19480000CL |||||||||||||||||spa|d
082 0 4 |a 346.096  |b AVI  |2 21 
100 0 |a Avila Fredes, Sergio  |e author  |9 386728 
700 0 |a Ríos Leguiffe, Hernán  |e author  |9 386729 
245 1 0 |a Jurisprudencia sobre letras de cambio 1925 - 1946 
300 |a 235 p 
942 |c BK 
945 |d 19970515 00:00:00  |a paguirre 
260 |a Santiago  |b Carabineros de Chile  |c 1948 
650 0 |a Derecho comercial   |9 256340 
650 7 |a LETRA DE CAMBIO  |2 CL-VaPUC  |9 257958 
650 0 |a Jurisprudencia  |9 255952 
650 0 |a Sentencias  |9 256250 
650 0 |a Comercio  |9 255341 
650 7 |a LEGISLACION  |2 CL-VaPUC  |9 386730 
583 |a last modification  |c 19970515 00:00:00  |k Rodrigo Vera 
999 |c 259902  |d 259900 
952 |0 0  |1 0  |4 0  |6 346_096000000000000_AVI_1948  |7 0  |8 A  |9 285413  |a BIBDER  |b BIBDER  |d 2019-11-19  |i 1855239  |o 346.096 AVI 1948  |p 1855239  |r 2023-01-25  |w 2019-11-19  |y BK  |k DER